[Event "HUN-ch"]
[Site "?"]
[Date "1989.??.??"]
[Round "?"]
[White "Palkovi, Jozsef"]
[Black "Horvath, Jozsef"]
[Result "1/2-1/2"]
[WhiteElo "2425"]
[BlackElo "2510"]

1.e4 g6 2.d4 Bg7 3.Nc3 c6 4.Nf3 d6 5.h3 Nd7 6.a4 Qc7 7.Be2 Ngf6 8.O-O O-O
9.Be3 e5 10.dxe5 dxe5 11.Qd2 a5 12.Rfd1 Re8 13.Bc4 Nb6 14.Bb3 Be6 15.Qd6 Qxd6
16.Rxd6 Bxb3 17.cxb3 Bf8 18.Rd3 Nbd7 19.Rad1 Nc5 20.Bxc5 Bxc5 21.g4 h6 22.Kg2 Kg7
23.Nd2 Re7 24.f3 Nd7 25.Nc4 Nf8 26.Kg3 f6 27.f4 exf4+ 28.Kxf4 Bb4 29.Re3 Ne6+
30.Kg3 Nc5 31.e5 fxe5 32.Rxe5 Rxe5 33.Nxe5 Re8 34.Nc4 Re7 35.Kf3 Nxb3 36.Ne4 b5
37.axb5 cxb5 38.Ncd6 Nc5 39.Nxc5 Bxc5 40.Rd5 Re3+ 41.Kf4 g5+ 42.Kf5 Bxd6
43.Rxd6 Rf3+ 44.Ke5 Rxh3 45.Rd7+ Kg6 46.Rd6+ Kf7 47.Rb6 Rb3 48.Rxh6 Rxb2
49.Kf5 Ke7 50.Ra6 a4 51.Kxg5 Kd7 52.Kf6 Kc7 53.g5 Kb7 54.Ra5 Kb6 55.Ra8 Rf2+
56.Ke5 Kc5 57.g6 Rg2 58.Kf6 Kb4 59.g7 Rxg7 60.Kxg7 Ka3 61.Kf6 b4 62.Ke5 b3
63.Kd4 b2 64.Rb8 Ka2 65.Kc3 a3 66.Kc2 b1=Q+ 67.Rxb1  1/2-1/2

[Event "Kecskemet"]
[Site "Kecskemet"]
[Date "1989.??.??"]
[Round "?"]
[White "Tolnai, Tibor"]
[Black "Raicevic, Momcilo"]
[Result "1-0"]
[WhiteElo "2470"]
[BlackElo "2375"]

1.e4 c6 2.d4 g6 3.Nc3 Bg7 4.Bc4 d5 5.exd5 cxd5 6.Bxd5 e6 7.Bb3 Bxd4 8.Qe2 Nc6
9.Nf3 Bd7 10.Bd2 Nf6 11.O-O-O O-O 12.Kb1 Nd5 13.h4 Qb6 14.h5 a5 15.hxg6 hxg6
16.a4 Bg7 17.Qe4 Qb4 18.Qd3 Nf6 19.Nd5 exd5 20.Bxb4 Nxb4 21.Qf1 b5 22.Ne5 Bf5
23.Qxb5 Ne4 24.Nc6 Nxc6 25.Qxc6 Nxf2 26.Qxd5 Nxh1 27.Qf3 Rab8 28.Rxh1 Rfc8
29.Ka2 Be6 30.Qd3 Rb4 31.Re1  1-0

[Event "Lugano op"]
[Site "Lugano"]
[Date "1989.??.??"]
[Round "1"]
[White "Mora, Federico"]
[Black "Gutman, Lev"]
[Result "0-1"]
[WhiteElo "2305"]
[BlackElo "2535"]

1.e4 g6 2.d4 Bg7 3.Nc3 c6 4.Nf3 Nf6 5.Bd3 O-O 6.O-O Na6 7.Re1 Nc7 8.Bd2 d5
9.e5 Nd7 10.Ne2 f6 11.Nf4 fxe5 12.Nxe5 Nxe5 13.dxe5 Bf5 14.Qe2 Bxd3 15.Nxd3 Ne6
16.c3 c5 17.Rad1 a5 18.g3 Rf5 19.Nf4 Nxf4 20.Bxf4 e6 21.Qb5 Qc7 22.Be3 b6
23.f4 g5 24.Re2 gxf4 25.gxf4 Bh6 26.Rg2+ Kh8 27.Rg4 Raf8 28.Rf1 Bg7 29.Rf2 Bh6
30.Rf1 Rh5 31.Qe2 Qf7 32.Qb5 Rh3 33.Qe2 Qf5 34.Rg3 Rh4 35.Rgf3 Qe4 36.Qf2 Rg8+
37.Kh1 Rh3 38.Bd2 Rg4 39.Bc1 Bxf4 40.Bxf4 Rxf4  0-1

[Event "Lugano op"]
[Site "Lugano"]
[Date "1989.??.??"]
[Round "1"]
[White "Moingt, Jean Claude"]
[Black "Hort, Vlastimil"]
[Result "0-1"]
[WhiteElo "2320"]
[BlackElo "2580"]

1.e4 g6 2.d4 Bg7 3.Nc3 c6 4.Nf3 d5 5.h3 Nh6 6.exd5 cxd5 7.Bb5+ Nc6 8.Bf4 f6
9.Qe2 Nf7 10.O-O-O O-O 11.Rhe1 Re8 12.Kb1 a6 13.Ba4 e6 14.g4 Bd7 15.Qd2 Na5
16.Bxd7 Qxd7 17.b3 Rac8 18.Na4 Qb5 19.Nb2 Bf8 20.Qe2 Nd6 21.Bxd6 Bxd6 22.Qxb5 axb5
23.g5 Rc7 24.Nd3 Nc6 25.gxf6 Rf7 26.Nfe5 Rxf6 27.Nxc6 bxc6 28.Re3 Kf7 29.Rde1 Ke7
30.R1e2 Kd7 31.Kb2 g5 32.Ne5+ Bxe5 33.Rxe5 h6 34.c3 Ref8 35.Ka3 Rxf2 36.Rxe6 Rxe2
37.Rxe2 Rf3 38.h4 g4 39.Kb4 Rh3 40.Rf2 Rxh4 41.Rf7+ Ke6 42.Rc7 g3  0-1

[Event "Lugano op"]
[Site "Lugano"]
[Date "1989.??.??"]
[Round "9"]
[White "Mora, Federico"]
[Black "Bottema, Tom"]
[Result "1-0"]
[WhiteElo "2305"]
[BlackElo "2240"]

1.e4 g6 2.d4 Bg7 3.Nc3 c6 4.Bc4 d6 5.Qf3 e6 6.Nge2 Nd7 7.a4 b6 8.O-O Bb7
9.Qg3 Qe7 10.f4 Ngf6 11.e5 Nh5 12.Qe3 d5 13.Bd3 f5 14.b3 Bf8 15.Nb1 Ng7 16.c4 Qd8
17.Ba3 Bxa3 18.Nxa3 Qe7 19.Rfc1 Kf7 20.c5 Rhc8 21.b4 Ne8 22.Nc2 a5 23.cxb6 Nxb6
24.Rcb1 Ba6 25.bxa5 Nc4 26.Bxc4 Bxc4 27.Nc3 Rxa5 28.Na3 Ba6 29.Rb6 c5 30.Nab5 Qd8
31.dxc5 d4 32.Qxd4 Qxd4+ 33.Nxd4 Raxc5 34.Ncb5 Nc7 35.Nb3 Rc6 36.Rxc6  1-0

[Event "Lyngby op"]
[Site "Lyngby"]
[Date "1989.??.??"]
[Round "3"]
[White "Brinck Claussen, Bjorn"]
[Black "Clausen, Steen"]
[Result "1-0"]
[WhiteElo "2375"]
[BlackElo "2245"]

1.e4 g6 2.d4 Bg7 3.Nc3 c6 4.Nf3 d6 5.Be3 Nf6 6.h3 O-O 7.Qd2 b5 8.Bd3 a6 9.Bh6 Nbd7
10.Bxg7 Kxg7 11.e5 Nd5 12.Nxd5 cxd5 13.h4 h5 14.e6 Nf6 15.exf7 Ne4 16.Bxe4 dxe4
17.Ng5 d5 18.O-O Qd6 19.f3 Bf5 20.Rae1 Rad8 21.c3 exf3 22.Rxf3 Bg4 23.Rf4 Rh8
24.Qe3 Kf8 25.Qf2 Bc8 26.Re5 Bd7 27.Qe3 Bf5 28.Re6 Qc7 29.Rxg6  1-0

[Event "Moscow2"]
[Site "Moscow"]
[Date "1989.??.??"]
[Round "?"]
[White "Lepeshkin, Vladimir"]
[Black "Ageichenko, Genadi A"]
[Result "1-0"]
[WhiteElo "2350"]
[BlackElo "2340"]

1.e4 g6 2.d4 Bg7 3.Nc3 c6 4.f4 d6 5.Nf3 Bg4 6.Be3 Nf6 7.h3 Bxf3 8.Qxf3 Qa5
9.Bd3 Nbd7 10.O-O e5 11.dxe5 dxe5 12.f5 Bf8 13.Kh1 Bc5 14.Bh6 Rg8 15.g4 Bf8
16.Be3 g5 17.a3 Qc7 18.b4 a5 19.Bd2 Bd6 20.Ne2 h6 21.c4 b6 22.c5 bxc5 23.bxa5 Ke7
24.Bc4 h5 25.Kg2 Qd8 26.Nc1 hxg4 27.hxg4 Rxa5 28.Bxa5 Qxa5 29.Rd1 Bc7 30.Nb3 Qa4
31.Rac1 Rh8 32.Qe3 Qxa3 33.Qxg5 Bd8 34.Qg7 Rh7 35.Qg5 Rh8 36.Qd2 Rg8 37.g5 Qb4
38.Qd6+ Ke8 39.g6 Rg7 40.Rh1 Be7 41.Rh8+ Bf8 42.Rxf8+ Nxf8 43.Qxf6 Ne6 44.Qxe5  1-0

[Event "Paris-ch"]
[Site "Paris"]
[Date "1989.??.??"]
[Round "2"]
[White "Sellos, Didier"]
[Black "Chernin, Alexander"]
[Result "0-1"]
[WhiteElo "2405"]
[BlackElo "2580"]

1.e4 g6 2.d4 Bg7 3.Nc3 c6 4.Nf3 d5 5.Be2 Bg4 6.Be3 Nf6 7.h3 Bxf3 8.Bxf3 dxe4
9.Nxe4 Nd5 10.Bc1 Nd7 11.O-O O-O 12.c4 Nc7 13.Be3 f5 14.Nc3 e5 15.dxe5 Nxe5
16.Be2 Qe7 17.Qc1 Qf7 18.Bf4 Ne6 19.Bxe5 Bxe5 20.Re1 Rae8 21.c5 Nd4 22.Bd3 Kg7
23.Qd2 Qc7 24.b4 Rd8 25.Rad1 Bf6 26.Qc1 Rd7 27.Ne2 Rfd8 28.Bc4 b5 29.Nxd4 Rxd4
30.Rxd4 Rxd4 31.Bb3 Rxb4 32.Re8 Qf4 33.Qxf4 Rxf4 34.g3 Rf3 35.Kg2 Rc3 36.Ra8 Be7
37.Rxa7 Kf6 38.g4 fxg4 39.hxg4 Bxc5 40.Rf7+ Kg5 41.Bd1 Bd6 42.Rxh7 c5 43.Rd7 Be5
44.Rb7 b4 45.Rb6 Bd4 46.Bb3 Kf4 47.Rxg6 c4 48.Bd1 Rc1 49.Rc6 Rxd1 50.Rxc4 Rd2
51.Rxb4 Rxf2+ 52.Kh3 Rd2 53.a4 Rd1 54.a5 Kf3 55.Kh4 Be3 56.Kh5 Rd6 57.g5 Rd5
58.Kg6 Rxa5 59.Kf7 Bxg5 60.Ke6 Bd2 61.Rd4 Ke3 62.Rd5 Ra6+ 63.Rd6 Ra8 64.Kd5 Bc3
65.Rh6 Ra5+ 66.Kc4 Be5 67.Rh1 Ke4 68.Re1+ Kf5 69.Rf1+ Ke6 70.Rb1 Ra6 71.Rb5 Bd6
72.Kd3 Ra3+ 73.Ke4 Ra4+ 74.Kd3 Be5 75.Ke3 Rg4 76.Kd3 Rd4+ 77.Ke3 Kf5 78.Rc5 Rh4
79.Kd3 Rh3+ 80.Kc4 Ke4 81.Kb5 Rb3+ 82.Kc6 Bd4 83.Rh5 Rb6+ 84.Kc7 Rg6 85.Kb7 Be5
86.Rh3 Kd5 87.Rh7 Rg1 88.Kc8 Rc1+ 89.Kd8 Ke6 90.Re7+ Kd6 91.Rd7+ Kc6 92.Rd2 Bd6
93.Re2 Rb1 94.Ke8 Rf1 95.Kd8 Rf7 96.Rc2+ Kd5 97.Re2 Rh7 98.Re1 Rg7 99.Re2 Ra7
100.Re1 Bb4 101.Re3 Kd6 102.Ke8 Kc6 103.Re4 Bd6 104.Re2 Kd5 105.Re1 Be5 106.Kd8 Rh7
107.Kc8 Ke6 108.Rc1 Rh8+ 109.Kb7 Rb8+ 110.Ka6 Kd5 111.Rc2 Rb3 112.Ka5 Bc3+
113.Ka6 Kc6 114.Ka7 Kc7 115.Ka6 Rb6+ 116.Ka7 Rc6 117.Ra2  0-1

[Event "World op"]
[Site "Philadelphia"]
[Date "1989.??.??"]
[Round "6"]
[White "Kudrin, Sergey"]
[Black "Shirazi, Kamran G"]
[Result "0-1"]
[WhiteElo "2550"]
[BlackElo "2395"]

1.e4 g6 2.d4 Bg7 3.Nc3 c6 4.Nf3 d5 5.h3 Nf6 6.Bd3 dxe4 7.Nxe4 Nxe4 8.Bxe4 Bf5
9.Bxf5 Qa5+ 10.c3 Qxf5 11.O-O O-O 12.Re1 Re8 13.Bg5 e6 14.Re5 Bxe5 15.dxe5 Na6
16.Qe2 Red8 17.Bxd8 Rxd8 18.Qe3 Qc2 19.Kh2 Rd3 20.Rc1 Rxe3 21.Rxc2 Rd3 22.Ng5 Nc5
23.Rc1 Nd7 24.f4 Nb6 25.Ne4 Nd5 26.g3 h6 27.a3 h5 28.c4 Ne3 29.Rc3 Rxc3 30.Nxc3 Nxc4
31.a4 a6 32.Kg2 Ne3+ 33.Kf3 Nd5 34.Na2 Kf8 35.Ke4 Ke7 36.g4 f5+ 37.exf6+ Nxf6+
38.Kf3 Nd5 39.Ke4 Kd6 40.gxh5 gxh5 41.f5 h4 42.f6 Nxf6+ 43.Kf4 Nd5+ 44.Kg4 Ke5
45.Kxh4 Kf4 46.Kh5 e5 47.Kg6 e4 48.h4 Kg4 49.h5 Nf4+ 50.Kf6 Kxh5 51.Ke5 e3
52.Nc1 e2  0-1

[Event "BCF-ch"]
[Site "Plymouth"]
[Date "1989.??.??"]
[Round "?"]
[White "Nicholson, J."]
[Black "Lalic, Susan"]
[Result "1-0"]
[WhiteElo "2295"]
[BlackElo "2345"]

1.e4 g6 2.d4 Bg7 3.Nc3 c6 4.Bc4 d5 5.exd5 b5 6.Bb3 b4 7.Nce2 cxd5 8.Bd2 a5
9.a3 bxa3 10.Rxa3 Nc6 11.Nf3 e6 12.Ba4 Ne7 13.h4 O-O 14.h5 Ba6 15.hxg6 hxg6
16.Qc1 Rc8 17.Bh6 Nf5 18.Bxg7 Kxg7 19.Bxc6 Rxc6 20.g4 Bxe2 21.Kxe2 Qc8 22.Kd1 Nd6
23.Ne5 Rc7 24.Rah3 Kf6 25.Rh7 Ne4 26.Qf4+ Ke7 27.Nxg6+ Kd8 28.Rh8  1-0

[Event "CSR-ch int"]
[Site "Prague"]
[Date "1989.??.??"]
[Round "2"]
[White "Ilincic, Zlatko"]
[Black "Chernin, Alexander"]
[Result "0-1"]
[WhiteElo "2430"]
[BlackElo "2580"]

1.e4 g6 2.d4 Bg7 3.Nc3 c6 4.h3 d6 5.a4 Nf6 6.Nf3 O-O 7.Be3 d5 8.e5 Ne4 9.Nxe4 dxe4
10.Ng5 c5 11.c3 Qd5 12.dxc5 Qxe5 13.Qd4 Qxd4 14.cxd4 h6 15.Nxe4 f5 16.Nc3 f4
17.Bc1 Bxd4 18.Nd5 Nc6 19.Nxf4 g5 20.Nd3 Bf5 21.Be3 Rad8 22.Rd1 Be4 23.Bxd4 Rxd4
24.f3 Bg6 25.b3 Rfd8 26.Nf2 Kg7 27.Rc1 Nb4 28.Ng4 Rd2 29.Bc4 Rxg2 30.Rd1 Nc2+
31.Kf1 Rgd2 32.Rxd2 Rxd2 33.h4 h5 34.Nf2 gxh4 35.Rxh4 Ne3+ 36.Kg1 Rb2 37.Be6 Rb1+
38.Kh2 Rb2 39.Kg1 Rb1+ 40.Kh2 Rf1 41.Nh3 Rxf3 42.Rb4 Kf6 43.Bc8 Ng4+ 44.Kg2 Rc3
45.Nf4 Bf7 46.Bxb7 e5 47.Ne2 Rxc5 48.Bf3 Rc2 49.Kg1 Bg6 50.Ng3 Kg5 51.Nf1 Nf2
52.Bg2 Nd3 53.Rb5 Kf4 54.Rb8 Ne1 55.Rf8+ Kg5 56.Bd5 e4 57.Ne3 Re2 58.Nc4 Nf3+
59.Kf1 Ra2 60.Rg8 Nh2+ 61.Kg1 Kf6 62.Rf8+ Ke7 63.Ra8 Nf3+ 64.Kf1 Bf5 65.Rxa7+ Kf6
66.Ra6+ Kg5 67.Be6 e3  0-1

[Event "EUCup Honved-Solingen"]
[Site "Solingen"]
[Date "1989.??.??"]
[Round "?"]
[White "Palkovi, Jozsef"]
[Black "Schneider, B."]
[Result "1/2-1/2"]
[WhiteElo "2385"]
[BlackElo "2475"]

1.e4 g6 2.d4 Bg7 3.Nc3 c6 4.Nf3 d5 5.h3 Nf6 6.Bd3 O-O 7.O-O dxe4 8.Nxe4 Nxe4
9.Bxe4 Nd7 10.Bg5 h6 11.Be3 Nf6 12.Bd3 Be6 13.Re1 Re8 14.Ne5 Nd7 15.Nxg6 fxg6
16.Bxg6 Bf7 17.Bxf7+ Kxf7 18.Qh5+ Kf8 19.Bxh6 Nf6 20.Qg6 Bxh6 21.Qxh6+ Kf7
22.Qf4 Qd7 23.Re5 Rg8 24.Rae1 Rae8 25.Kh2 Rg7 26.g4 Kg8 27.Rg5 Qd6 28.Ree5 Nd7
29.Rxg7+ Kxg7 30.Rg5+ Kh7 31.Rh5+ Kg7 32.Rg5+ Kh7 33.Rh5+  1/2-1/2

[Event "JUG-ch (Women)"]
[Site "Split"]
[Date "1989.??.??"]
[Round "5"]
[White "Pihajlic, Amalija"]
[Black "Petrovic, Marija"]
[Result "0-1"]
[WhiteElo "2175"]
[BlackElo "2305"]

1.e4 g6 2.d4 Bg7 3.Nc3 c6 4.a4 a5 5.Bc4 d6 6.Nf3 Nf6 7.Qe2 O-O 8.e5 Nd5 9.Bd2 Nxc3
10.Bxc3 d5 11.Bd3 Na6 12.Qd2 b6 13.h4 c5 14.h5 Nb4 15.hxg6 Nxd3+ 16.cxd3 fxg6
17.Ng5 h6 18.Nf3 Bf5 19.Rxh6 Bxh6 20.Qxh6 e6 21.O-O-O Qe7 22.Ng5 Qg7 23.Qh4 Qh8
24.Qg3 Qh5 25.f3 Rac8 26.dxc5 Rxc5 27.Kd2 Rfc8 28.d4 Rc4 29.Ra1 Rf8 30.Ke3 Rc6
31.Kd2 Kg7 32.Ke3 Rh8 33.Qf4 Qh2 34.g4 Qxf4+ 35.Kxf4 Bc2 36.Kg3 Kf8 37.Nh3 Rc4
38.Bd2 Rxa4 39.Rc1 Rc4 40.Bg5 Ke8 41.Bf6 Rg8 42.Ng5 Kd7 43.Rh1 Re8 44.Rh7+ Kc6
45.Be7 Rxd4 46.Nxe6 Rd2 47.Bg5 Rxe6 48.Bxd2 Rxe5 49.Rh8 Kb5 50.Rc8 Bb1 51.Rc1 Re2
52.Bc3 Bd3 53.Rd1 Kc4 54.Bf6 a4 55.f4 d4 56.f5 gxf5 57.g5 Re4 58.Kf2 Rf4+
59.Kg3 Rg4+ 60.Kf2 Bc2 61.Rd2 d3 62.Ke3 Kd5 63.Rf2 Ke6 64.Kd2 b5 65.Rh2 f4
66.Rf2 Kf5 67.Be7 Ke4 68.Bd6 f3 69.Be7 Rg2 70.Rxg2  0-1

[Event "JUG-ch (Women)"]
[Site "Split"]
[Date "1989.??.??"]
[Round "13"]
[White "Vuksanovic, Sanja"]
[Black "Petrovic, Marija"]
[Result "1-0"]
[WhiteElo "2040"]
[BlackElo "2305"]

1.e4 g6 2.d4 Bg7 3.Nc3 c6 4.Nf3 d6 5.Be2 Nf6 6.a4 a5 7.O-O O-O 8.Bf4 Na6
9.Qd2 Nb4 10.Rad1 Re8 11.h3 Qb6 12.Rfe1 Bd7 13.Rc1 Rad8 14.Bc4 d5 15.exd5 cxd5
16.Bb5 Nc6 17.Bg5 Bf5 18.Ne5 Ne4 19.Nxe4 dxe4 20.Nc4 Qxd4 21.Qxd4 Bxd4 22.c3 Bg7
23.Bxc6 bxc6 24.Nxa5 Rd5 25.Nxc6 Bf8 26.Be3 Bd7 27.Nb4 Ra5 28.b3 f5 29.Red1 Be6
30.c4 Rc8 31.Bb6 Raa8 32.Nd5 Rab8 33.a5 Kf7 34.b4 Bh6 35.Rc2 f4 36.b5 e3
37.fxe3 fxe3 38.c5 Bf5 39.Re2 e6 40.Nxe3 Be4 41.Nc4 Bd5 42.Nd6+ Kg8 43.Nxc8 Rxc8
44.c6 Bf4 45.a6 g5 46.a7 Kf7 47.Bf2 Bc4 48.Rb2 Be5 49.Rb4 Bd5 50.Rxd5 exd5
51.Ra4  1-0

[Event "SWE-ch"]
[Site "?"]
[Date "1989.??.??"]
[Round "?"]
[White "Schneider, Lars Ake"]
[Black "Johansson, Jan"]
[Result "1-0"]
[WhiteElo "2460"]
[BlackElo "2365"]

1.e4 g6 2.d4 Bg7 3.Nc3 c6 4.Nf3 d6 5.Be2 Nf6 6.O-O O-O 7.a4 a5 8.h3 Na6 9.Re1 Nb4
10.Bf1 d5 11.e5 Ne8 12.Na2 Nxa2 13.Rxa2 Nc7 14.Be3 b6 15.b3 Bb7 16.Qd2 Ne6
17.c3 c5 18.Rc2 Qc7 19.Ng5 Nxg5 20.Bxg5 e6 21.h4 Rfc8 22.Rcc1 Ba6 23.Bxa6 Rxa6
24.h5 Raa8 25.Qf4 cxd4 26.cxd4 Qd7 27.Rxc8+ Rxc8 28.Re3 b5 29.axb5 Qxb5 30.Kh2 Qd7
31.Rf3 Qa7 32.Qg4 Qd7 33.Qf4 Qa7 34.Qh4 Qd7 35.Be7 Re8 36.Bc5 Rc8 37.h6 Rxc5
38.dxc5 Bxe5+ 39.g3 f5 40.Qa4 Qxa4 41.bxa4  1-0

[Event "Sydney"]
[Site "Sydney"]
[Date "1989.??.??"]
[Round "8"]
[White "Sarapu, Ortvin"]
[Black "Johansen, Darryl K"]
[Result "1/2-1/2"]
[WhiteElo "2325"]
[BlackElo "2420"]

1.d4 g6 2.e4 Bg7 3.Nc3 c6 4.Nf3 b5 5.Bd3 d6 6.h3 a6 7.a4 Bb7 8.axb5 axb5
9.Rxa8 Bxa8 10.O-O Nd7 11.d5 b4 12.dxc6 Bxc6 13.Nd5 Qb8 14.Re1 Ngf6 15.Nd4 Ba8
16.Nxf6+ Bxf6 17.Bb5 e5 18.Qg4 O-O 19.Bxd7 exd4 20.Bh6 Rd8 21.Be6 Qc7 22.Bb3 d3
23.Qf3 Bxb2 24.Qxd3 Be5 25.Rd1 Re8 26.f3 Qa7+ 27.Be3 Qb7  1/2-1/2

[Event "Szekszard op"]
[Site "Szekszard"]
[Date "1989.??.??"]
[Round "3"]
[White "Juhasz, Jozsef"]
[Black "Csulits, Anton"]
[Result "1/2-1/2"]
[WhiteElo "2210"]
[BlackElo "2325"]

1.e4 g6 2.d4 Bg7 3.Nc3 c6 4.f4 d5 5.e5 h5 6.Nf3 Bg4 7.h3 Bxf3 8.Qxf3 e6 9.Be3 h4
10.Bd3 Ne7 11.Ne2 Nf5 12.Bf2 Bf8 13.c3 Be7 14.O-O Nd7 15.b3 Kf8 16.c4 Kg7
17.a4 Bb4 18.Rfc1 a5 19.Rc2 Nb6 20.c5 Nd7 21.Bxf5 exf5 22.Be1 Bxe1 23.Rxe1 Nf8
24.Qe3 Ne6  1/2-1/2

[Event "Tuzla"]
[Site "Tuzla"]
[Date "1989.??.??"]
[Round "2"]
[White "Nurkic, Sahbaz"]
[Black "Maciejewski, Andrzej"]
[Result "0-1"]
[WhiteElo "2375"]
[BlackElo "2375"]

1.e4 g6 2.d4 c6 3.Nc3 Bg7 4.h4 h5 5.Nf3 d6 6.Be2 Nf6 7.Bg5 Bg4 8.Nd2 Bxe2
9.Qxe2 b5 10.e5 dxe5 11.dxe5 Ng4 12.O-O-O Qc7 13.Rhe1 O-O 14.Nf3 e6 15.Ne4 Nd7
16.Be7 Rfe8 17.Bd6 Qb6 18.Qd2 Ngxe5 19.Bxe5 Nxe5 20.Nxe5 Bxe5 21.Qg5 Qc7
22.g3 Rad8 23.f4 Bg7 24.g4 Rd5 25.Rxd5 exd5 26.Nf6+ Bxf6 27.Rxe8+ Kg7 28.Rg8+ Kxg8
29.Qxf6 hxg4 30.h5 gxh5 31.Qg5+ Kf8 32.Qh6+ Ke8 33.Kd2 Kd7 34.Ke3 Qd6 35.Qxh5 Qxf4+  0-1

[Event "Tuzla"]
[Site "Tuzla"]
[Date "1989.??.??"]
[Round "2"]
[White "Sinanovic, Muhamed"]
[Black "Sprecic, Mustafa"]
[Result "1-0"]
[WhiteElo "2330"]
[BlackElo "2360"]

1.d4 g6 2.e4 Bg7 3.Nc3 c6 4.f4 d5 5.e5 f6 6.Nf3 Nh6 7.Be2 b5 8.O-O O-O 9.Kh1 a5
10.a3 Nd7 11.Bd3 Nb6 12.Ne2 Bg4 13.Ng3 Qd7 14.Qe2 a4 15.h3 Bxf3 16.Rxf3 fxe5
17.dxe5 e6 18.Be3 Nc4 19.Bc5 Nxb2 20.Bxf8 Bxf8 21.c3 Nxd3 22.Qxd3 Nf7 23.Ne4 Be7
24.Nf2 Rf8 25.Ng4 Nd8 26.g3 Nb7 27.Qd4 Na5 28.Re1 c5 29.Qd3 Nc4 30.Ra1 Kg7
31.Kg2 Qc6 32.Ne3 Nxa3 33.Raf1 Nc4 34.g4 a3 35.Kg3 a2 36.Nxc4 dxc4 37.Qc2 Ra8
38.f5 Bh4+ 39.Kxh4 Qxf3 40.Rxf3 a1=Q 41.Qd2 Qa7 42.f6+ Kh8 43.Qd6 Qb7 44.Rf2 g5+
45.Kxg5 Qe4 46.Qxc5 Rg8+ 47.Kh4 h5 48.Qd4 Qxd4 49.cxd4 c3 50.d5 Rc8 51.dxe6 Kg8
52.e7 Kf7 53.g5 c2 54.Rxc2 Rxc2 55.g6+ Ke8 56.e6 Rg2 57.g7  1-0

[Event "Tuzla"]
[Site "Tuzla"]
[Date "1989.??.??"]
[Round "4"]
[White "Mujic, Hamza"]
[Black "Sprecic, Mustafa"]
[Result "1-0"]
[WhiteElo "2320"]
[BlackElo "2360"]

1.e4 g6 2.d4 Bg7 3.Nc3 c6 4.a4 d6 5.f4 Nf6 6.Nf3 O-O 7.Bd3 a5 8.O-O Na6 9.e5 dxe5
10.fxe5 Nd5 11.Nxd5 cxd5 12.Qe2 Bg4 13.h3 Bxf3 14.Rxf3 Qb6 15.c3 f6 16.Be3 Nc7
17.Raf1 fxe5 18.dxe5 Qc6 19.Rxf8+ Rxf8 20.Rxf8+ Bxf8 21.Qg4 Bg7 22.Bd4 Qe6
23.Qe2 Qc6 24.Qg4 Qe6 25.Qg3 Na6 26.Be2 Nc7 27.h4 Qc6 28.Qh3 Qe6 29.Bg4 Qa6
30.h5 g5 31.Qe3 h6 32.Bd7 Ne6 33.Bb6 Nf8 34.Bb5 Qa8 35.Qc5 e6 36.Qc7 g4 37.Qd6 g3
38.Kf1 Kh8 39.Ke2 Nh7 40.Qxe6 Qb8 41.Qxd5 Qxe5+ 42.Qxe5 Bxe5 43.Bd7 Nf6 44.Bc8 Nd5
45.Bg1 b6 46.Bb7 Nf4+ 47.Kf3 Bc7 48.Kg4 Kg7 49.Bd4+ Kf7 50.Be3 Nd3 51.Bxh6 Nxb2
52.Kf5 Nxa4 53.Bd5+ Ke7 54.Bg7 Kd6 55.Ba2  1-0

[Event "Warsaw op"]
[Site "Warsaw"]
[Date "1989.??.??"]
[Round "?"]
[White "Skrobek, Ryszard"]
[Black "Kalinin, Oleg"]
[Result "0-1"]
[WhiteElo "2425"]
[BlackElo "2315"]

1.e4 g6 2.d4 Bg7 3.Nc3 c6 4.f4 d5 5.e5 h5 6.Nf3 Nh6 7.Be3 Bg4 8.h3 Nf5 9.Bf2 Bxf3
10.Qxf3 h4 11.Bd3 e6 12.Ne2 Bf8 13.O-O Nd7 14.b3 Be7 15.c4 Kf8 16.c5 b6 17.b4 Kg7
18.Rfb1 Qc7 19.Nc1 bxc5 20.bxc5 Rab8 21.Bxf5 exf5 22.Qa3 Nf8 23.Rxb8 Qxb8
24.Qa6 Ne6 25.Be3 Rc8 26.Nb3 Rc7 27.Bd2 Qb7 28.Qd3 Rc8 29.Kf2 Rb8 30.Ke3 Bd8
31.Bc3 f6 32.Nd2 fxe5 33.fxe5 Bg5+ 34.Kf2 Nf4 35.Qf1 Qc8 36.Rb1 Rxb1 37.Nxb1 Ne6
38.Qd1 Qa6 39.Qe2 Qa4 40.Qb2 Nf4 41.Qb3 Qa6 42.Qc2 Nd3+ 43.Kg1 Be3+ 44.Kh2 Ne1
45.Bxe1 Qf1 46.Bxh4 f4 47.Bf6+ Kh6 48.h4  0-1

[Event "DDR-ch 38th"]
[Site "Zittau"]
[Date "1989.??.??"]
[Round "?"]
[White "Boehnisch, Manfred"]
[Black "Paehtz, Thomas Sr"]
[Result "1/2-1/2"]
[WhiteElo "2295"]
[BlackElo "2450"]

1.e4 g6 2.d4 Bg7 3.Nc3 c6 4.Nf3 d6 5.h3 Nf6 6.a4 O-O 7.Be3 a5 8.Bc4 Na6 9.e5 Ne8
10.Qd2 Nb4 11.Bb3 Nc7 12.Bh6 Be6 13.Bxg7 Kxg7 14.Bxe6 Nxe6 15.exd6 Qxd6 16.Ne2 Rfd8
17.c3 Nd5 18.O-O  1/2-1/2

[Event "Bad Ragaz op"]
[Site "Bad Ragaz"]
[Date "1990.??.??"]
[Round "4"]
[White "Markus, John Raymond"]
[Black "Aschwanden, Franz Beat"]
[Result "0-1"]
[WhiteElo "2305"]
[BlackElo "2205"]

1.e4 g6 2.d4 Bg7 3.Nc3 c6 4.g3 d5 5.exd5 cxd5 6.Bg2 e6 7.Nf3 Nc6 8.O-O Nge7
9.Ne2 O-O 10.c3 b5 11.a3 Bd7 12.Nf4 a5 13.Nd3 b4 14.axb4 axb4 15.Rxa8 Qxa8
16.Nc5 Qa7 17.cxb4 Rb8 18.b3 Rxb4 19.Nxd7 Qxd7 20.Ba3 Rb5 21.Qd3 Qb7 22.Rb1 Nb4
23.Qd1 Nec6 24.Bf1 Ra5 25.Bb2 Ra2 26.h4 Qb6 27.h5 e5 28.hxg6 hxg6 29.Bg2 e4
30.Ng5 Bxd4 31.Bxd4 Qxd4 32.Qf1 Nd3 33.Nh3 e3 34.fxe3 Qxe3+ 35.Kh2 Nce5 36.Nf4 Nf3+
37.Kh1 Nf2+  0-1

[Event "Bad Ragaz op"]
[Site "Bad Ragaz"]
[Date "1990.??.??"]
[Round "5"]
[White "Arapovic, Vitomir"]
[Black "Giertz, Niklaus"]
[Result "1/2-1/2"]
[WhiteElo "2380"]
[BlackElo "2305"]

1.e4 g6 2.Nc3 Bg7 3.d4 c6 4.Bc4 d6 5.Nf3 Nf6 6.O-O b5 7.Bd3 O-O 8.h3 a6 9.e5 dxe5
10.dxe5 Nd5 11.Nxd5 cxd5 12.Bf4 Nc6 13.Qd2 b4 14.Bh6 a5 15.Bxg7 Kxg7 16.Bb5 Bb7
17.Bxc6 Bxc6 18.Nd4 Qb6 19.f4 Bd7 20.Rad1 Bf5 21.Qf2 Qd8 22.g4 Be4 23.Rd2 e6
24.Kh2 Qe7 25.Nb5 f6 26.Qd4 f5 27.g5 Rfc8 28.Nd6 Rc6 29.Rff2 Qa7 30.Qxa7+ Rxa7
31.Nb5 Rb7 32.Nd4 Rcb6 33.h4 h5 34.gxh6+ Kxh6 35.Rf1 Rh7 36.Kg3 Kg7 37.Rh2 Kf7
38.Kf2 Rb8 39.Re1 Rc8 40.Rc1 Rhh8 41.Ke3 Rc5 42.Rg1 a4 43.Rg5  1/2-1/2

[Event "Bad Wildbad"]
[Site "Bad Wildbad"]
[Date "1990.??.??"]
[Round "6"]
[White "Apicella, Manuel"]
[Black "Bricard, Emmanuel"]
[Result "1/2-1/2"]
[WhiteElo "2410"]
[BlackElo "2385"]

1.e4 g6 2.d4 Bg7 3.Nc3 c6 4.Nf3 b5 5.Be2 d6 6.O-O Nd7 7.h3 Bb7 8.Re1 a6 9.Bf1 e5
10.a3 Ngf6 11.Bg5 h6 12.Be3 O-O 13.Qd2 Kh7 14.Rad1 Re8 15.Nh2 Qe7 16.d5 cxd5
17.exd5 Rac8 18.g3 Qd8 19.Bg2 Nb6 20.Qd3 Qc7 21.h4 Nc4 22.Bc1 Qb8 23.Nf1 Qa8
24.Nd2 Nb6 25.Nb3 Nc4 26.Nd2 Rc7 27.Nxc4 Rxc4 28.Be3 Bc8 29.b3 Bf5 30.Qd2 Rcc8
31.Rc1 Qb7 32.f3 h5 33.Ne4 Nxe4 34.fxe4 Bg4 35.c4 bxc4 36.bxc4 f5 37.Rb1 Qe7
38.c5 f4 39.gxf4 exf4 40.Bxf4 Rxc5 41.e5 Qxh4 42.Bg5 Rc2 43.Bxh4 Rxd2 44.exd6 Rxe1+
45.Bxe1 Rb2 46.Rxb2 Bxb2 47.a4 Kg7 48.Bf1 Kf6 49.Bxa6 Ke5 50.Bb7 Kxd6 51.a5 Be2
52.Bb4+ Kc7 53.a6 Bd4+ 54.Kg2 Kb6 55.Be7  1/2-1/2

[Event "Bad Woerishofen op"]
[Site "Bad Woerishofen"]
[Date "1990.??.??"]
[Round "?"]
[White "Mestrovic, Zvonimir"]
[Black "Gutman, Lev"]
[Result "1-0"]
[WhiteElo "2440"]
[BlackElo "2475"]

1.Nc3 g6 2.e4 Bg7 3.d4 c6 4.Be2 Nf6 5.h4 d5 6.e5 Ne4 7.h5 Qa5 8.Bd2 Qb6 9.Nxe4 dxe4
10.Bc3 Be6 11.Nh3 Bd5 12.Qd2 a5 13.Nf4 Rg8 14.hxg6 hxg6 15.a4 Nd7 16.Nxd5 cxd5
17.Bb5 Kd8 18.O-O-O Nf8 19.f3 exf3 20.Qf4 f5 21.exf6 Bxf6 22.Qxf3 Qd6 23.Be1 Qe6
24.Bg3 Rc8 25.Rhf1 Qe4 26.Qb3 Ne6 27.Rfe1 Qf5 28.Re5 Bxe5 29.Bxe5 Nc7 30.Bd3 Qd7
31.Qxb7 Rf8 32.b3 e6 33.Rh1 Qe7 34.Qb6 Ke8 35.Kb2 Qd7 36.Bxg6+  1-0

[Event "Badenweiler op"]
[Site "Badenweiler"]
[Date "1990.??.??"]
[Round "4"]
[White "Hedke, Fred"]
[Black "Gutman, Lev"]
[Result "1/2-1/2"]
[WhiteElo "2285"]
[BlackElo "2450"]

1.e4 g6 2.d4 Bg7 3.Nc3 c6 4.g3 Nf6 5.Bg2 O-O 6.Nge2 Na6 7.O-O Nc7 8.a4 a5
9.h3 d5 10.exd5 Ncxd5 11.Nxd5 Nxd5 12.c3 Qb6 13.Ra3 Be6 14.Qc2 Bf5 15.Qb3 Ra6
16.Nf4 Qxb3 17.Rxb3 Nb6 18.Re1 Bc2 19.Ra3 Rd8 20.Bf1 Ra7 21.Be3 Raa8 22.Rc1 Be4
23.Rb3 Nc8 24.Rxb7 c5 25.Rb3 cxd4 26.cxd4 Bxd4 27.Bxd4 Rxd4 28.Rc4 Rxc4 29.Bxc4 Nd6
30.Bd5 Rc8 31.Bxe4 Nxe4 32.Rb5 Rc1+ 33.Kg2 Rc2 34.Nd3 Rd2 35.Kf3 Nxg3 36.Ke3 Nf1+
37.Kd4 f6 38.f4 g5 39.fxg5 e5+ 40.Ke4 Ng3+ 41.Ke3 Nf1+ 42.Ke4 Ng3+ 43.Ke3 Nf1+  1/2-1/2

[Event "Beersheba-B"]
[Site "Beersheba"]
[Date "1990.??.??"]
[Round "?"]
[White "Hazai, Laszlo"]
[Black "Pyernik, Moshe"]
[Result "1/2-1/2"]
[WhiteElo "2455"]
[BlackElo "2230"]

1.e4 g6 2.d4 Bg7 3.Nc3 c6 4.f4 d5 5.e5 h5 6.Nf3 Bg4 7.Be2 e6 8.O-O Qb6 9.Na4 Qc7
10.b3 Nh6 11.Ba3 Nf5 12.Qd2 Nd7 13.c4 dxc4 14.bxc4 Nb6 15.Nxb6 axb6 16.Bb2 Rd8
17.Rad1 Bxf3 18.Rxf3 Nxd4 19.Bxd4 c5 20.Rd3 cxd4 21.Rxd4 Rxd4 22.Qxd4  1/2-1/2

[Event "Beersheba-B"]
[Site "Beersheba"]
[Date "1990.??.??"]
[Round "?"]
[White "Lederman, Leon"]
[Black "Pyernik, Moshe"]
[Result "0-1"]
[WhiteElo "2345"]
[BlackElo "2230"]

1.e4 g6 2.d4 Bg7 3.Nc3 c6 4.f4 d5 5.e5 Nh6 6.Nf3 O-O 7.Be2 f6 8.O-O Bg4 9.Be3 e6
10.exf6 Bxf6 11.Ne5 Bxe2 12.Qxe2 Nf5 13.Bf2 Bg7 14.Nf3 Re8 15.Qd3 Nd7 16.Rae1 Nf6
17.Re2 Ng4 18.Nd1 Qc7 19.Ne5 Nxf2 20.Nxf2 c5 21.dxc5 Qxc5 22.c3 Rac8 23.Kh1 a6
24.Rfe1 b5 25.g4 Ne7 26.Qf3 Nc6 27.Ned3 Qd6 28.Kg2 a5 29.a3 Rb8 30.Ne5 b4
31.axb4 axb4 32.Nxc6 Qxc6 33.cxb4 Rxb4 34.Nd3 Rb3 35.Rd2 Qc4 36.Qe2 Rb6 37.Rc2 Qd4
38.Qe3 Rb3 39.Rd2 Qxe3 40.Rxe3 e5 41.fxe5 Bh6 42.Ree2 Bxd2 43.Rxd2 Kg7 44.Kf3 Rf8+
45.Ke3 Rc8 46.Kd4 Rb5 47.b3 Rxb3  0-1